00889 2200337 4500001002100000005001700021008004100038020002200079035002400101040001200125041000800137082001000145090001600155100001700171245006300188250001000251260003400261300003400295600001600329650003600345990001700381990001700398990001700415990001700432990001700449990001700466990001700483990001700500990001700517990001700534YOGYA-0213000000003120130202104640.0 ind  a978-602-978-664-4 0010-021300000000031 aYOPDYOG aInd a910.2 a910.2 Ham K aHAMID BAHARI aKitab wisata nusantara terindah & terlengkapcHAMID BAHARI aCet.1 aYogyakartabDiva Pressc2011. a316 hlmbilusc23 cm (10 eks) aVirsya Hany aIndustri pariwisata - Indonesia a2241-PK/B.12 a2242-PK/B.12 a2243-PK/B.12 a2244-PK/B.12 a2245-PK/B.12 a2246-PK/B.12 a2247-PK/B.12 a2248-PK/B.12 a2249-PK/B.12 a2250-PK/B.12